| 000 | nam a22 7a 4500 | ||
|---|---|---|---|
| 999 |
_c356179 _d356179 |
||
| 005 | 20180223092100.0 | ||
| 008 | 180223b ||||| |||| 00| 0 eng d | ||
| 020 | _a9789332584778 | ||
| 040 | _cc | ||
| 082 | _a620.112 STE | ||
| 100 |
_aSteif, Paul S. _910025 |
||
| 245 |
_aMechanics of Materials / _cPual S. Steif |
||
| 260 |
_aNew Delhi : _bPearson, _c2017. |
||
| 300 |
_a572 p. ; _c27 cm. |
||
| 500 | _aPaperback. | ||
| 942 |
_2ddc _cBK |
||